Course of pure mathematics (Record no. 357469)

MARC details
000 -LEADER
fixed length control field 00434 a2200181 4500
005 - DATE & TIME
control field 20241218111824.0
008 - FIXED-LENGTH DATA ELEMENTS--GENERAL INFORMATION
fixed length control field 241218b |||||||| |||| 00| 0 eng d
020 ## - ISBN
International Standard Book Number 9789388841061
Price Rs. 1595.00
040 ## - CATALOGING SOURCE
Original cataloging agency VIVEKANANDA LIBRARY
082 ## - DDC NUMBER
Classification number 510
Book Number H222C(3)
100 ## - MAIN ENTRY--PERSONAL NAME
Personal name Hardy, G H
245 ## - TITLE STATEMENT
Title Course of pure mathematics
250 ## - EDITION STATEMENT
Edition statement 3rd
260 ## - PUBLICATION, DISTRIBUTION, ETC. (IMPRINT)
Place of publication, distribution, etc New Delhi
Name of publisher, distributor, etc Hawk Press
Date of publication, distribution, etc 2024
300 ## - PHYSICAL DESCRIPTION
Pages 561
650 ## - Subject
Subject Mathematics
942 ## - ADDED ENTRY ELEMENTS (KOHA)
Koha item type Books
Holdings
Withdrawn status Lost status Source of classification or shelving scheme Damaged status Not for loan Location (home branch) Sublocation or collection (holding branch) Shelving location Date acquired Koha issues (times borrowed) Koha full call number Accession No. Koha date last seen Koha item type
    Dewey Decimal Classification     VIVEKANANDA LIBRARY VIVEKANANDA LIBRARY Vivekananda Library 18/12/2024   510 H222C(3) 441038 18/12/2024 Books
    Dewey Decimal Classification     VIVEKANANDA LIBRARY VIVEKANANDA LIBRARY Vivekananda Library 18/12/2024   510 H222C(3) 441039 18/12/2024 Books
    Dewey Decimal Classification     VIVEKANANDA LIBRARY VIVEKANANDA LIBRARY Vivekananda Library 25/04/2025   510 H222C(3) 441040 25/04/2025 Books
    Dewey Decimal Classification     VIVEKANANDA LIBRARY VIVEKANANDA LIBRARY Vivekananda Library 25/04/2025   510 H222C(3) 441041 25/04/2025 Books
© Designed and Maintained by Vivekananda Library, MDU Rohtak